000
002850000a22000970004500
100
1
_a
Aparecido da Silva, Antonio
245
1
0
_a
Conceptos de Dios en la guerra del fin del mundo
300
_a
Vol. 17, Num. 2 (Noviembre, 1997), Páginas 38-54
773
0
_t
Vida y pensamiento
942
_c
ANA
999
_c
53080
_d
53080